000 00517nam a2200181 a 4500
005 20240301063617.0
008 991125s1970 mx 000 0 spa u
035 _aUPN01000037726
049 _aCG
050 4 _aQA11 T4.18
_bno.15
245 0 0 _aMedida /
_cNational Council of Teachers of Mathematics ; tr. Federico Velasco Coba
260 _aMéxico :
_bTrillas,
_c1970
300 _a62 p
440 0 _aTemas de matemáticas. Cuaderno;
_v15
650 2 _aMedición
_910585
904 _aAC
_b037727
905 _aLibro
999 _c37726
_d37726